| 000 | 00984nam a2200265 i 4500 | ||
|---|---|---|---|
| 001 | 124406 | ||
| 003 | ES-MaACL | ||
| 005 | 20250908233747.0 | ||
| 007 | t| | ||
| 008 | 070326m19261927sp ||||1| spa d | ||
| 080 | _a53(075.8) | ||
| 100 | 1 |
_aJèager, Gustav. _9128418 |
|
| 245 | 1 | 0 |
_aFísica teórica / _cpor Gustav Jèager ; traducción de la 5ª edición alemana por José Mª Plans [ y Julio Palacios]. |
| 260 |
_aBarcelona : _bLabor, _c1926-1927. |
||
| 300 |
_a2 v. : _bil. ; _c17 cm. |
||
| 490 | 1 |
_aColección Labor ; _v46, 47 y 136, 137 |
|
| 505 | 8 | _aContiene: 1. Mecánica-Acústica-Luz-Calor -- 2. Electricidad y Magnetismo. Optica. Radiación Calórica, Electrónica. Física Atómica | |
| 650 | 0 | 7 |
_aFísica _2embne _912877 |
| 700 | 1 |
_aPlans, José Maria. _992566 |
|
| 700 | 1 |
_aPalacios, Julio, _d1891-1970 _988408 |
|
| 830 | 0 | 0 |
_aColección Labor _v46, 47 y 136, 137 _9184254 |
| 852 |
_aES-MaACL _jE-2592 |
||
| 852 |
_aES-MaACL _jE-2664 |
||
| 999 |
_c124406 _d124406 |
||